000 00324nam a2200133Ia 4500
008 150201s2009 xx 000 0 und d
082 _a616.07
_bM09M
100 _aMUTHUPRASNNA, P
245 _aMEDICAL LABORATORY TECHNOLOGY
250 _a1ST
260 _bBIRLA PUB.
_aDELHI
_c2009
650 _aBIOCHEMISTRY
942 _2ddc
_cBK
999 _c630
_d630